Podnikateľské prostredie v SR - malé a stredné podniky (MSP) po vstupe do Európskej únie
Stručná charakteristika podnikateľského prostredia SR. Bariéry uplatnenia inovácií v MSP. Očakávaná podpora po vstupe do EÚ. Odhad príjmov SR zo štrukturálnych fondov a Kohézneho fondu v rokoch 2004-2006 v stálych a bežných cenách. Doterajšie aktivity malých a stredných podnikov. Výhody a nevýhody v...
Uložené v:
| Hlavný autor: | |
|---|---|
| Médium: | Kapitola |
| Jazyk: | Slovak |
| Predmet: | |
| Tagy: |
Žiadne tagy, Buďte prvý, kto otaguje tento záznam!
|
MARC
| LEADER | 00000naa$a2200000$$$4500 | ||
|---|---|---|---|
| 001 | 0023965 | ||
| 005 | 20240502071418.8 | ||
| 041 | 0 | |a slo | |
| 044 | |a SK | ||
| 245 | 1 | 0 | |a Podnikateľské prostredie v SR - malé a stredné podniky (MSP) po vstupe do Európskej únie |c Elena Šúbertová |
| 520 | |a Stručná charakteristika podnikateľského prostredia SR. Bariéry uplatnenia inovácií v MSP. Očakávaná podpora po vstupe do EÚ. Odhad príjmov SR zo štrukturálnych fondov a Kohézneho fondu v rokoch 2004-2006 v stálych a bežných cenách. Doterajšie aktivity malých a stredných podnikov. Výhody a nevýhody vstupu do EÚ pre MSP. | ||
| 610 | 2 | 0 | |a podnik malý |
| 610 | 2 | 0 | |a podnik stredný |
| 610 | 2 | 0 | |a prostredie podnikateľské |
| 610 | 2 | 0 | |a podpora podnikania |
| 610 | 2 | 0 | |a Slovensko |
| 610 | 2 | 0 | |a Európska únia |
| 100 | 1 | |a Šúbertová, Elena | |